| 000 | 00797cam a22002653a 4500 | ||
|---|---|---|---|
| 001 | 22327 | ||
| 003 | PGUSA | ||
| 005 | 20140828083456.0 | ||
| 008 | 070815s2007||||xxu|||||s|||||000 | eng d | ||
| 040 |
_aPGUSA _beng |
||
| 042 | _adc | ||
| 050 | 4 | _aQL | |
| 100 | 1 |
_aReese, A. M. _q(Albert Moore), _d1872- |
|
| 245 | 1 | 0 |
_aDevelopment of the Digestive Canal of the American Alligator _h[electronic resource] / _cA. M. Reese |
| 260 |
_bProject Gutenberg, _c2007 |
||
| 506 | _aPublic domain in the USA. | ||
| 516 | _aElectronic text | ||
| 653 | _aAlligators -- Digestive organs | ||
| 653 | _aReptiles -- Digestive organs | ||
| 653 | _aReptiles -- Embryology | ||
| 700 | 1 | _aReese, C. M. | |
| 830 | 0 |
_aProject Gutenberg _v22327 |
|
| 856 | 4 | 0 | _uhttp://www.gutenberg.org/ebooks/22327 |
| 942 | _cEB | ||
| 999 |
_c251582 _d251582 |
||